000 00630nam a2200229Ia 4500
003 OSt
005 20220926042400.0
006 a|||||r|||| 00| 0
007 ta
008 220923b |||||||| |||| 00| 0 eng d
037 _cGeneral Book
040 _aRTL
_cRTL
_beng
041 _2eng
_aeng
082 _aXM5:(Z3), H9.1-H9.3
100 _aSutton Ralph Ed.
_9346194
245 0 _aButter worths company precedents 3v
260 _c1949
650 _aCompany Law
700 _a Williams W J
_9346195
942 _hXM5:(Z3), H9.1-H9.3
_cGB
_2CC
999 _c669589
_d669589